[Event "FB1 2223 Rodewischer Schachmiezen - SV "]
[Site "?"]
[Date "2023.04.29"]
[Round "9.6"]
[White "Theissl Pokorna, Regina"]
[Black "Germann, Heike"]
[Result "1-0"]
[WhiteElo "2304"]
[BlackElo "1970"]
[PlyCount "107"]
[EventDate "2023.??.??"]

1. e4 c5 2. c3 d5 3. exd5 Qxd5 4. d4 Nf6 5. Nf3 Bg4 6. dxc5 Qxc5 7. Na3 e6 8. Qa4+ Nbd7 9. Be3 Qc8 10. Ne5 Bxa3 11. Nxd7 Nxd7 12. Qxa3 a6 13. f3 Bf5 14. O-O-O Qc7 15. Rd4 Qe5 16. Bf4 Qe1+ 17. Rd1 Qf2 18. Bd3 Bxd3 19. Rxd3 Qc5 20. Qb3 Qf5 21. Qc4 Ne5 22. Bxe5 Qxe5 23. Qb4 Qg5+ 24. f4 Qe7 25. Qb6 O-O 26. Rhd1 Qh4 27. g3 Qxh2 28. Qxb7 h6 29. Qf3 Qh3 30. Rh1 Qf5 31. g4 Qb5 32. Qe4 Rab8 33. Rd2 Qb7 34. Qxb7 Rxb7 35. c4 Rc8 36. b3 a5 37. Kc2 a4 38. Rhd1 axb3+ 39. axb3 g6 40. Rd8+ Rxd8 41. Rxd8+ Kg7 42. Kc3 g5 43. fxg5 hxg5 44. c5 f5 45. c6 Rb6 46. Rd6 Rb8 47. Rxe6 fxg4 48. Kc4 g3 49. Re3 g2 50. Rg3 Kf6 51. b4 Kf5 52. Rxg2 Kf4 53. Kc5 g4 54. b5 1-0

[Event "FB1 2223 Hamburger SK - TuRa Harksheide"]
[Site "?"]
[Date "2023.04.29"]
[Round "9.1"]
[White "Antolak, Julia"]
[Black "Padmini, Rout"]
[Result "1/2-1/2"]
[WhiteElo "2245"]
[BlackElo "2388"]
[PlyCount "81"]
[EventDate "2023.??.??"]

1. d4 Nf6 2. c4 g6 3. Nc3 d5 4. Nf3 Bg7 5. h4 c6 6. cxd5 cxd5 7. Bf4 Nc6 8. e3 O-O 9. Qb3 Na5 10. Qb4 Nc6 11. Qb3 Na5 12. Qb4 Bf5 13. Be2 Rc8 14. O-O Bg4 15. Rac1 a6 16. Ne5 Bf5 17. Na4 b5 18. Nc5 Nc6 19. Nxc6 Rxc6 20. Rc3 a5 21. Qxb5 Rb6 22. Qxa5 Rxb2 23. Bc7 Qa8 24. Ba6 Bc8 25. Bxc8 Qxa5 26. Bxa5 Rxc8 27. a4 Ra8 28. Bc7 Ra2 29. Rb3 h5 30. Rfb1 Kh7 31. R3b2 Ra3 32. Rb8 Rxb8 33. Bxb8 Ng4 34. Bc7 Ra2 35. Rf1 e5 36. Bxe5 Bxe5 37. dxe5 Nxe5 38. Re1 Rc2 39. Nb3 Rb2 40. Nc5 Rc2 41. Nb3 1/2-1/2

[Event "FB1 2223 Hamburger SK - TuRa Harksheide"]
[Site "?"]
[Date "2023.04.29"]
[Round "9.2"]
[White "Roebers, Eline"]
[Black "Unuk, Laura"]
[Result "1-0"]
[WhiteElo "2356"]
[BlackElo "2310"]
[PlyCount "95"]
[EventDate "2023.??.??"]

1. e4 e5 2. f4 d5 3. exd5 exf4 4. Nf3 Qxd5 5. Nc3 Qe6+ 6. Be2 Bd6 7. O-O Ne7 8. Ng5 Qe5 9. Nge4 Qd4+ 10. Kh1 a6 11. Bf3 O-O 12. Ne2 Qb6 13. d4 Ng6 14. c4 c5 15. b4 Bc7 16. bxc5 Qe6 17. d5 Qe5 18. Rb1 Nd7 19. Ba3 f5 20. Nf2 Qe3 21. Rb3 Qe8 22. d6 Bd8 23. Nd3 Bg5 24. Nd4 Nf6 25. c6 bxc6 26. Bxc6 Bd7 27. Bxa8 Qxa8 28. Nc5 Nh4 29. Nf3 Nxf3 30. Nxd7 Nh4 31. Nxf6+ Bxf6 32. Qd5+ Qxd5 33. cxd5 g5 34. Rb6 Rd8 35. d7 Kf7 36. Rb7 Ng6 37. Re1 g4 38. Bc5 Ne5 39. Rxe5 Bxe5 40. Bb6 Ke7 41. Bxd8+ Kxd8 42. Ra7 f3 43. gxf3 gxf3 44. h3 Bd4 45. Rxa6 Kxd7 46. Rc6 h5 47. a4 h4 48. a5 1-0

[Event "FB1 2223 Hamburger SK - TuRa Harksheide"]
[Site "?"]
[Date "2023.04.29"]
[Round "9.3"]
[White "Brandt, Carina"]
[Black "Gaal, Zsoka"]
[Result "0-1"]
[WhiteElo "2069"]
[BlackElo "2310"]
[PlyCount "68"]
[EventDate "2023.??.??"]

1. e4 c6 2. d4 d5 3. Nd2 dxe4 4. Nxe4 Nf6 5. Nxf6+ exf6 6. c3 Bd6 7. Bd3 O-O 8. Qc2 Re8+ 9. Ne2 h5 10. Be3 Nd7 11. O-O-O b5 12. d5 c5 13. Bxb5 Rb8 14. c4 a6 15. Bc6 Rxe3 16. fxe3 Ne5 17. b3 Ng4 18. Rde1 Qa5 19. Nc3 f5 20. h3 Nf6 21. Rhf1 Be5 22. Nb1 Ne4 23. g4 Ng3 24. gxf5 Bxf5 25. e4 Nxf1 26. Rxf1 Bxh3 27. Rg1 Bg4 28. Ba4 Rd8 29. Rf1 Rd6 30. Nd2 h4 31. Be8 Rf6 32. Rxf6 Bxf6 33. d6 h3 34. Bc6 Be5 0-1

[Event "FB1 2223 Hamburger SK - TuRa Harksheide"]
[Site "?"]
[Date "2023.04.29"]
[Round "9.4"]
[White "Genova, Lyubka"]
[Black "Waechter, Nathalie"]
[Result "1-0"]
[WhiteElo "2239"]
[BlackElo "1998"]
[PlyCount "81"]
[EventDate "2023.??.??"]

1. e4 d5 2. exd5 Qxd5 3. Nc3 Qd6 4. d4 Nf6 5. Bc4 c6 6. Nge2 Bf5 7. Bf4 Qb4 8. Bb3 e6 9. O-O Nbd7 10. Ng3 Bg6 11. Re1 Be7 12. Bc7 Bd8 13. a3 Qe7 14. Bxd8 Qxd8 15. f4 O-O 16. Qf3 Rc8 17. Rad1 Qa5 18. Re2 Rfd8 19. h3 h6 20. Kh2 Qc7 21. Red2 Nb6 22. Nce4 Nfd5 23. Ne2 Nd7 24. c4 Bxe4 25. Qxe4 N7f6 26. Qf3 Ne7 27. Kh1 a5 28. Nc3 Ng6 29. g3 Qb6 30. Na4 Qc7 31. Bc2 Ne7 32. Nc3 Qb8 33. g4 g6 34. f5 exf5 35. gxf5 Qd6 36. c5 Qd7 37. fxg6 Ned5 38. gxf7+ Qxf7 39. Rg2+ Kf8 40. Rf1 Rc7 41. Bg6 1-0

[Event "FB1 2223 Hamburger SK - TuRa Harksheide"]
[Site "?"]
[Date "2023.04.29"]
[Round "9.5"]
[White "Koehler, Inken"]
[Black "Ziegenfuss, Antonia"]
[Result "0-1"]
[WhiteElo "2018"]
[BlackElo "2156"]
[PlyCount "78"]
[EventDate "2023.??.??"]

1. e4 c5 2. Nf3 e6 3. c3 Nf6 4. e5 Nd5 5. d4 cxd4 6. cxd4 b6 7. Bc4 Bb7 8. Bxd5 exd5 9. O-O Be7 10. Nc3 d6 11. exd6 Qxd6 12. Re1 O-O 13. Bf4 Qd8 14. Qb3 Bf6 15. Nb5 Nc6 16. Nc7 Na5 17. Qb4 Rc8 18. Nb5 a6 19. Nd6 Rc6 20. Nxb7 Nxb7 21. Rac1 Na5 22. Rxc6 Nxc6 23. Qc3 Qd7 24. Rc1 Rc8 25. Ne5 Bxe5 26. Bxe5 Ne7 27. Qd2 Rxc1+ 28. Qxc1 Qc6 29. Qxc6 Nxc6 30. Bc7 b5 31. Bb6 Nb4 32. Ba5 Nxa2 33. Bd2 b4 34. Kf1 a5 35. b3 a4 36. Ke2 axb3 37. Kd1 Kf8 38. Bc1 Nc3+ 39. Kd2 Na4 0-1

[Event "FB1 2223 Hamburger SK - TuRa Harksheide"]
[Site "?"]
[Date "2023.04.29"]
[Round "9.6"]
[White "Rogozenco, Teodora"]
[Black "Rosmait, Emily"]
[Result "1-0"]
[WhiteElo "1938"]
[BlackElo "1872"]
[PlyCount "113"]
[EventDate "2023.??.??"]

1. d4 Nf6 2. c4 e6 3. Nc3 Bb4 4. Qc2 d5 5. cxd5 exd5 6. Bg5 O-O 7. e3 h6 8. Bh4 c5 9. Nf3 Nc6 10. Be2 cxd4 11. Nxd4 Nxd4 12. exd4 Qb6 13. O-O Bxc3 14. bxc3 Ne4 15. Bd3 Nd6 16. Rae1 Bd7 17. Re3 Rfe8 18. Bh7+ Kh8 19. Rf3 Rac8 20. Bg3 Ne4 21. Bxe4 Rxe4 22. Rxf7 Bb5 23. f3 Re3 24. Qf5 Qe6 25. Qxe6 Rxe6 26. Rb1 Bc6 27. Be5 Rg6 28. Kf2 Kg8 29. Rf5 Rf8 30. Rh5 Re6 31. Rh3 a6 32. Rg3 Rf7 33. h4 Bb5 34. a3 Rc6 35. Rc1 Rd7 36. Ke3 Rc4 37. Kd2 Kf8 38. Rg4 Rc6 39. Rf4+ Rf7 40. Rg4 Rd7 41. Rh1 Bc4 42. Rb1 b5 43. a4 a5 44. h5 Rb7 45. f4 b4 46. cxb4 axb4 47. Rg6 Rxg6 48. hxg6 b3 49. Kc3 Ke8 50. f5 Kf8 51. Bd6+ Ke8 52. Re1+ Kd8 53. Bb4 Ra7 54. Bf8 Rc7 55. f6 Be2+ 56. Kb2 Bd3 57. fxg7 1-0

[Event "FB1 2223 Schachfreunde Deizisau - OSG B"]
[Site "?"]
[Date "2023.04.29"]
[Round "9.1"]
[White "Muzychuk, Mariya"]
[Black "Klek, Hanna Marie"]
[Result "1-0"]
[WhiteElo "2515"]
[BlackElo "2324"]
[PlyCount "83"]
[EventDate "2023.??.??"]

1. d4 Nf6 2. c4 e6 3. Nf3 d5 4. Nc3 Be7 5. Bf4 O-O 6. e3 b6 7. Bd3 Bb7 8. cxd5 exd5 9. Ne5 c5 10. O-O Nc6 11. Qf3 cxd4 12. Nxc6 Bxc6 13. exd4 g6 14. Rfe1 Nh5 15. Be5 Qd7 16. h3 b5 17. g4 Ng7 18. Qe2 f6 19. Bg3 Bb4 20. a3 Ba5 21. Qe7 Rad8 22. Qxd7 Rxd7 23. Rec1 a6 24. Na4 Bb7 25. Nc5 Rdf7 26. b4 Bb6 27. a4 f5 28. axb5 axb5 29. Bxb5 f4 30. Bh2 Rd8 31. f3 g5 32. Kg2 Re7 33. Re1 Bxc5 34. dxc5 Ne6 35. c6 Bc8 36. Bg1 Kf7 37. Bd3 Rd6 38. b5 d4 39. Ra8 Nc5 40. Rxe7+ Kxe7 41. Rxc8 Nxd3 42. b6 1-0

[Event "FB1 2223 Schachfreunde Deizisau - OSG B"]
[Site "?"]
[Date "2023.04.29"]
[Round "9.2"]
[White "Schleining, Zoya"]
[Black "Muzychuk, Anna"]
[Result "1/2-1/2"]
[WhiteElo "2331"]
[BlackElo "2504"]
[PlyCount "52"]
[EventDate "2023.??.??"]

1. d4 Nf6 2. Nf3 g6 3. Nc3 d5 4. Bf4 Bg7 5. e3 O-O 6. h3 c5 7. Be2 Nc6 8. O-O cxd4 9. exd4 Ne4 10. Bb5 Nxc3 11. bxc3 Na5 12. Re1 Bd7 13. Bd3 Rc8 14. Qd2 Re8 15. Ne5 Nc6 16. Rab1 Nxe5 17. Bxe5 Bc6 18. Bxg7 Kxg7 19. Re5 e6 20. Rbe1 Bd7 21. R5e3 Qc7 22. Bf1 Re7 23. h4 f6 24. g3 Rce8 25. Bg2 Qd6 26. f4 b5 1/2-1/2

[Event "FB1 2223 Schachfreunde Deizisau - OSG B"]
[Site "?"]
[Date "2023.04.29"]
[Round "9.3"]
[White "Paehtz, Elisabeth"]
[Black "Belenkaya, Dina"]
[Result "1-0"]
[WhiteElo "2479"]
[BlackElo "2267"]
[PlyCount "161"]
[EventDate "2023.??.??"]

1. d4 d5 2. Nf3 Nf6 3. c4 e6 4. g3 Bb4+ 5. Nbd2 a5 6. Bg2 O-O 7. O-O a4 8. a3 Be7 9. Qc2 c6 10. Ne5 b6 11. Rd1 Nfd7 12. Ndf3 Bb7 13. e4 f6 14. Nxd7 Qxd7 15. Bh3 Re8 16. Re1 Bf8 17. Bf4 Qf7 18. Rac1 Na6 19. cxd5 cxd5 20. e5 Qh5 21. Bg2 b5 22. exf6 gxf6 23. Qe2 b4 24. Qb5 Qf7 25. axb4 Bxb4 26. Re2 Bf8 27. Bh3 Rac8 28. Rce1 Rc6 29. Qxa4 Nb4 30. Qb3 Ba6 31. Rd2 Kh8 32. Bf1 Bc4 33. Qe3 Bxf1 34. Rxf1 Qb7 35. Qe2 Qa6 36. Qxa6 Nxa6 37. Ra1 Kg8 38. Rd3 Nb4 39. Rb3 Rec8 40. Ra7 Rc4 41. Rd7 Re8 42. Bd2 Nc6 43. Bc3 Re7 44. Rxe7 Nxe7 45. Kf1 Kf7 46. Rb7 Ke8 47. Ke2 h5 48. Kd3 Ra4 49. Nh4 Nc6 50. Rh7 e5 51. Nf5 exd4 52. Nxd4 Ne5+ 53. Kc2 Bc5 54. Ne6 Bb6 55. f4 Ng4 56. Rb7 Bg1 57. h3 Ne3+ 58. Kd3 Nf5 59. Bb4 Ra7 60. Rxa7 Bxa7 61. g4 hxg4 62. hxg4 Ne3 63. g5 fxg5 64. fxg5 Nc4 65. Bc3 Kf7 66. Nf4 Ne3 67. Bd4 Bxd4 68. Kxd4 Nc4 69. b4 Nd6 70. Kxd5 Ke7 71. Kc6 Ne4 72. g6 Ng5 73. b5 Nf3 74. b6 Nd4+ 75. Kd5 Nb5 76. Kc5 Nd6 77. Kc6 Nc4 78. b7 Na5+ 79. Kc7 Nxb7 80. Kxb7 Kf6 81. Kc6 1-0

[Event "FB1 2223 Schachfreunde Deizisau - OSG B"]
[Site "?"]
[Date "2023.04.29"]
[Round "9.4"]
[White "Koepke, Elena"]
[Black "Narva, Mai"]
[Result "*"]
[WhiteElo "2240"]
[BlackElo "2383"]
[PlyCount "66"]
[EventDate "2023.??.??"]

1. e4 c5 2. c3 d5 3. exd5 Qxd5 4. Nf3 Nf6 5. Na3 Nc6 6. Bc4 Qd8 7. O-O e6 8. Qe2 a6 9. Bb3 Qc7 10. Rd1 b5 11. c4 b4 12. Nc2 Be7 13. d4 cxd4 14. Ncxd4 O-O 15. Nxc6 Qxc6 16. Ne5 Qc7 17. Bf4 Qb6 18. Bc2 Bb7 19. Bg5 Rad8 20. h4 Ba8 21. Rxd8 Rxd8 22. Bxf6 Bxf6 23. Bxh7+ Kf8 24. Rc1 Qd4 25. Nf3 Qxb2 26. Rc2 Qb1+ 27. Kh2 Qd1 28. Be4 Qxe2 29. Rxe2 a5 30. Bxa8 Rxa8 31. Ne5 Bxh4 32. c5 Rc8 33. Rc2 Ke7 *

[Event "FB1 2223 Schachfreunde Deizisau - OSG B"]
[Site "?"]
[Date "2023.04.29"]
[Round "9.5"]
[White "Injac, Teodora"]
[Black "Nebolsina, Vera"]
[Result "1-0"]
[WhiteElo "2391"]
[BlackElo "2223"]
[PlyCount "83"]
[EventDate "2023.??.??"]

1. d4 g6 2. Nf3 Bg7 3. c4 Nf6 4. g3 d6 5. Nc3 Bd7 6. Bg2 Qc8 7. O-O Bh3 8. e4 Bxg2 9. Kxg2 Nfd7 10. Bg5 c5 11. d5 Bxc3 12. bxc3 h6 13. Bd2 g5 14. h3 Nf8 15. e5 Ng6 16. Re1 Kf8 17. e6 f6 18. Qc2 Kg7 19. Qf5 Na6 20. h4 Qg8 21. Rh1 g4 22. Qxg4 f5 23. Qxf5 Rf8 24. Qg4 h5 25. Qe4 Nc7 26. Ng5 Ne8 27. Rab1 Nf6 28. Qe2 b6 29. a4 Ng4 30. f3 N4e5 31. Rhf1 Rf6 32. a5 Qa8 33. f4 Ng4 34. Nf7 Rb8 35. f5 N6e5 36. Nxe5 dxe5 37. Bg5 b5 38. Bxf6+ exf6 39. Kg1 a6 40. Rfd1 bxc4 41. Rxb8 Qxb8 42. d6 1-0

[Event "FB1 2223 Schachfreunde Deizisau - OSG B"]
[Site "?"]
[Date "2023.04.29"]
[Round "9.6"]
[White "Jelica, Mara"]
[Black "Heinemann, Josefine"]
[Result "0-1"]
[WhiteElo "2064"]
[BlackElo "2274"]
[PlyCount "122"]
[EventDate "2023.??.??"]

1. e4 c5 2. Nf3 d6 3. d4 cxd4 4. Nxd4 Nf6 5. Nc3 a6 6. Be3 e5 7. Nb3 Be6 8. f4 exf4 9. Bxf4 Nc6 10. Qd2 Be7 11. O-O-O Ne5 12. Nd4 Rc8 13. Nxe6 fxe6 14. Bxe5 dxe5 15. Qxd8+ Bxd8 16. Bd3 Ke7 17. Rdf1 Rf8 18. Nd1 Bb6 19. Rf3 g5 20. a3 h5 21. Re1 g4 22. Rff1 Nh7 23. Rxf8 Rxf8 24. Kd2 Ng5 25. Ke2 h4 26. Rf1 Rh8 27. Ne3 g3 28. hxg3 hxg3 29. Ng4 Bc7 30. Ke3 Bd6 31. b4 Bc7 32. c4 b6 33. Be2 a5 34. Bf3 axb4 35. axb4 Ra8 36. Be2 Ra3+ 37. Bd3 Bd6 38. Rb1 Ra2 39. Bf1 Ra4 40. Bd3 Bxb4 41. Bc2 Bc5+ 42. Kd3 Ra3+ 43. Rb3 Rxb3+ 44. Bxb3 Bd4 45. Bd1 Kf7 46. Be2 Nh3 47. Bf3 Nf4+ 48. Kd2 Ng6 49. Be2 Nh4 50. Bf1 Kg6 51. Ne3 Bxe3+ 52. Kxe3 Kg5 53. Kd2 Kf4 54. Kd3 Ng6 55. Be2 Nf8 56. Bh5 Nd7 57. Bg6 Nc5+ 58. Kc3 Nxe4+ 59. Kb4 Nd6 60. c5 bxc5+ 61. Kxc5 Nf5 0-1

[Event "FB1 2223 FC Bayern München - SK Schwä"]
[Site "?"]
[Date "2023.04.29"]
[Round "9.1"]
[White "Javakhishvili, Lela"]
[Black "Khrapko, Marharyta"]
[Result "1-0"]
[WhiteElo "2446"]
[BlackElo "2186"]
[PlyCount "91"]
[EventDate "2023.??.??"]

1. Nf3 Nf6 2. g3 g6 3. d4 Bg7 4. c4 d6 5. Nc3 Nbd7 6. Bg2 O-O 7. O-O e5 8. e4 exd4 9. Nxd4 Nc5 10. h3 Re8 11. Re1 a5 12. Ndb5 Bd7 13. Bf4 Bc6 14. Qc2 Nh5 15. Be3 Ne6 16. Rad1 Qb8 17. Kh2 b6 18. Nd5 Bb7 19. f4 Nf6 20. Bf2 Nd7 21. f5 c6 22. fxe6 Rxe6 23. Nbc7 cxd5 24. Nxe6 fxe6 25. cxd5 e5 26. Bf1 Qf8 27. Bb5 Rc8 28. Qe2 Nc5 29. Rf1 Qe7 30. Rc1 Rb8 31. Rc3 h5 32. b3 Bh6 33. a3 Ra8 34. b4 Na6 35. Rb1 h4 36. Bc6 axb4 37. axb4 Rf8 38. Rf3 hxg3+ 39. Bxg3 Rc8 40. Rbf1 Bxc6 41. dxc6 Nxb4 42. Qc4+ d5 43. exd5 Kh8 44. Rf7 Qd6 45. Qh4 g5 46. Qe4 1-0

[Event "FB1 2223 FC Bayern München - SK Schwä"]
[Site "?"]
[Date "2023.04.29"]
[Round "9.2"]
[White "Mayrhuber, Nikola"]
[Black "Batsiashvili, Nino"]
[Result "0-1"]
[WhiteElo "2128"]
[BlackElo "2474"]
[PlyCount "84"]
[EventDate "2023.??.??"]

1. d4 Nf6 2. c4 e6 3. Nc3 Bb4 4. e3 O-O 5. Nf3 b6 6. Bd2 Bb7 7. Bd3 d5 8. cxd5 exd5 9. Rc1 Nbd7 10. O-O Be7 11. Ne5 Nxe5 12. dxe5 Nd7 13. f4 Nc5 14. Be2 d4 15. Nb5 d3 16. Bf3 Ne4 17. Rxc7 Nxd2 18. Qxd2 Bxf3 19. gxf3 a6 20. Rxe7 axb5 21. Qb4 Rxa2 22. e6 Rxb2 23. Qa3 Ra2 24. exf7+ Kh8 25. Qxa2 Qxe7 26. Kf2 Rxf7 27. Rd1 Qh4+ 28. Kg2 Rd7 29. Qe6 Qd8 30. Ra1 h6 31. Ra8 Qxa8 32. Qxd7 Qa2+ 33. Kg3 Qc4 34. h4 b4 35. h5 b3 36. Qd8+ Kh7 37. Qxb6 d2 38. Qg6+ Kh8 39. Qe8+ Qg8 40. Qd7 b2 41. Qd3 Qb8 42. Qb1 d1=Q 0-1

[Event "FB1 2223 FC Bayern München - SK Schwä"]
[Site "?"]
[Date "2023.04.29"]
[Round "9.3"]
[White "Arabidze, Meri"]
[Black "Schloffer, Jasmin-Denise"]
[Result "1-0"]
[WhiteElo "2441"]
[BlackElo "2091"]
[PlyCount "93"]
[EventDate "2023.??.??"]

1. d4 Nf6 2. c4 e6 3. Nf3 b6 4. g3 Ba6 5. Qa4 Bb7 6. Bg2 c5 7. dxc5 Bxc5 8. O-O O-O 9. Nc3 Be7 10. Rd1 Na6 11. Bf4 Nc5 12. Qc2 Qc8 13. Rd4 d5 14. Rc1 dxc4 15. Rxc4 Ba6 16. Rd4 Bb7 17. Nb5 Rd8 18. Bd6 Be4 19. Qd1 Qb7 20. b4 Na6 21. a3 Bd5 22. Bxe7 Qxe7 23. Ne5 Bxg2 24. Kxg2 Qb7+ 25. Kg1 Rxd4 26. Qxd4 Qd5 27. Qxd5 Nxd5 28. e4 Ne7 29. Kg2 Kf8 30. f4 f6 31. Nf3 Rc8 32. Rxc8+ Nxc8 33. Nfd4 Nb8 34. Nxe6+ Kf7 35. Ned4 a5 36. bxa5 bxa5 37. Kf3 Nb6 38. e5 fxe5 39. fxe5 Ke7 40. Ke4 g6 41. Nc3 Nc4 42. Nd5+ Ke8 43. a4 Nd7 44. Nc6 Nd2+ 45. Ke3 Nc4+ 46. Kd4 Ncb6 47. e6 1-0

[Event "FB1 2223 FC Bayern München - SK Schwä"]
[Site "?"]
[Date "2023.04.29"]
[Round "9.4"]
[White "Acarbay, Algi"]
[Black "Atalik, Ekaterina"]
[Result "0-1"]
[WhiteElo "1962"]
[BlackElo "2409"]
[PlyCount "88"]
[EventDate "2023.??.??"]

1. e4 c6 2. Nf3 d5 3. d3 g6 4. Nc3 Bg7 5. g3 e5 6. Bg2 Ne7 7. O-O O-O 8. Re1 d4 9. Ne2 c5 10. c3 Nbc6 11. cxd4 cxd4 12. Nd2 Be6 13. a3 a5 14. f4 a4 15. Rf1 Qd7 16. Nf3 Bb3 17. Qe1 Rfc8 18. fxe5 Nxe5 19. Nxe5 Bxe5 20. Bf4 Bg7 21. Rc1 Rxc1 22. Nxc1 Be6 23. Qd2 Nc6 24. Ne2 Na5 25. Qb4 Nb3 26. Nc1 Rc8 27. Nxb3 Bxb3 28. Rc1 Rxc1+ 29. Bxc1 h6 30. Bf4 Bf8 31. Qe1 Qb5 32. Qe2 g5 33. Bc1 Qc5 34. Qd2 Be6 35. h3 Bd6 36. h4 f6 37. hxg5 hxg5 38. Kh2 Qc7 39. Qe1 Be5 40. Bd2 Qc2 41. Bf1 Qxb2 42. Qc1 Qxc1 43. Bxc1 b5 44. Bb2 Kf8 0-1

[Event "FB1 2223 FC Bayern München - SK Schwä"]
[Site "?"]
[Date "2023.04.29"]
[Round "9.5"]
[White "Buksa, Nataliya"]
[Black "Ankerst, Milka"]
[Result "1-0"]
[WhiteElo "2406"]
[BlackElo "1925"]
[PlyCount "55"]
[EventDate "2023.??.??"]

1. e4 c5 2. Nf3 Nc6 3. Bb5 g6 4. O-O Bg7 5. c3 d6 6. d4 cxd4 7. cxd4 Bd7 8. Nc3 a6 9. Be2 e6 10. Be3 Nf6 11. h3 O-O 12. e5 Ne8 13. Bf4 dxe5 14. dxe5 Qc7 15. Qd2 Rd8 16. Qe3 Qb8 17. Rfd1 Bc8 18. Ne4 Rxd1+ 19. Rxd1 Nc7 20. Nf6+ Kh8 21. Bh6 Ne7 22. Qg5 Nf5 23. Bxg7+ Kxg7 24. Rd8 Rxd8 25. Nh5+ Kf8 26. Qxd8+ Ne8 27. Nf6 Qc7 28. Qxe8+ {Qd8} 1-0

[Event "FB1 2223 FC Bayern München - SK Schwä"]
[Site "?"]
[Date "2023.04.29"]
[Round "9.6"]
[White "Spiel, Marianne"]
[Black "Guichard, Pauline"]
[Result "0-1"]
[WhiteElo "1842"]
[BlackElo "2384"]
[PlyCount "124"]
[EventDate "2023.??.??"]

1. e4 e5 2. Nf3 Nc6 3. Bb5 a6 4. Ba4 d6 5. O-O Bd7 6. c3 g6 7. d4 Bg7 8. h3 Nf6 9. Re1 O-O 10. Nbd2 Re8 11. Bc2 h6 12. dxe5 Nxe5 13. Nxe5 dxe5 14. Nf1 Qe7 15. Be3 Rad8 16. Qe2 Bb5 17. Qf3 c5 18. Rad1 Nd7 19. Bc1 Bc6 20. Ne3 Nf6 21. Ng4 Nxg4 22. Qxg4 b5 23. Rxd8 Rxd8 24. Rd1 Re8 25. Be3 Bf8 26. Qe2 Qb7 27. f3 Qc7 28. Qd2 Kh7 29. a3 Qe7 30. Bf2 Qf6 31. Be3 Rc8 32. Qf2 Qe7 33. Qd2 Qe6 34. Qf2 Qa2 35. Bb1 Qb3 36. Qc2 Qe6 37. Qd2 Be7 38. Qf2 Bb7 39. Bc2 a5 40. Qd2 Rd8 41. Qe2 Rxd1+ 42. Qxd1 Bc6 43. Bb3 c4 44. Bc2 h5 45. Qd2 Qc8 46. Qe2 Bd7 47. Qf2 Be6 48. Qd2 Qb8 49. Bd1 b4 50. cxb4 axb4 51. axb4 Bxb4 52. Qc2 Qa8 53. Qa4 Qb8 54. Be2 Qd6 55. Qd1 Qa6 56. Kf2 Qa2 57. Qc1 Ba5 58. Kf1 Bd8 59. Qc3 Bh4 60. Bf2 Bg5 61. Be1 Bf4 62. Qb4 Be3 0-1

[Event "FB1 2223 SC 1957 Bad Königshofen  - SG "]
[Site "?"]
[Date "2023.04.30"]
[Round "10.1"]
[White "Van Foreest, Machteld"]
[Black "Schneider, Jana"]
[Result "0-1"]
[WhiteElo "2317"]
[BlackElo "2289"]
[PlyCount "84"]
[EventDate "2023.??.??"]

1. e4 e6 2. Qe2 c5 3. g3 Nc6 4. Bg2 Nge7 5. d3 d5 6. Nf3 a6 7. O-O b5 8. exd5 Nxd5 9. c4 Nf6 10. d4 cxd4 11. Rd1 Qb6 12. cxb5 axb5 13. Nxd4 Nxd4 14. Rxd4 Bb7 15. Bxb7 Qxb7 16. Nc3 b4 17. Qb5+ Qxb5 18. Nxb5 Rc8 19. Bf4 Nd5 20. Nd6+ Bxd6 21. Bxd6 Rc2 22. b3 f6 23. Bxb4 Kf7 24. Be1 Rb8 25. b4 Rb2 26. a3 Rb3 27. Kf1 g5 28. Ke2 Kg6 29. Bd2 Kf5 30. Rd3 Rb2 31. Rc1 Ra8 32. Rc5 Ra2 33. Ra5 Rc8 34. b5 Rcc2 35. b6 Rcb2 36. f3 Rxb6 37. Kd1 Rb1+ 38. Ke2 Rh1 39. Rd4 Rxh2+ 40. Kd1 Kg6 41. Rd3 Nb6 42. Rc5 Na4 0-1

[Event "FB1 2223 SC 1957 Bad Königshofen  - SG "]
[Site "?"]
[Date "2023.04.30"]
[Round "10.2"]
[White "Kiolbasa, Oliwia"]
[Black "Muetsch, Annmarie"]
[Result "1/2-1/2"]
[WhiteElo "2429"]
[BlackElo "2239"]
[PlyCount "147"]
[EventDate "2023.??.??"]

1. e4 e5 2. Nf3 Nc6 3. Bb5 a6 4. Ba4 d6 5. O-O Bd7 6. c3 g6 7. d4 Bg7 8. Re1 Nf6 9. h3 O-O 10. Nbd2 exd4 11. cxd4 Nb4 12. Bxd7 Qxd7 13. Qb3 a5 14. a3 Nc6 15. d5 Nb8 16. Qxb7 Na6 17. Qb3 Nc5 18. Qc4 Qa4 19. Qxa4 Nxa4 20. Ra2 Nc5 21. b3 Rfe8 22. Rc2 Rab8 23. Re3 Bh6 24. Rec3 Bxd2 25. Nxd2 Nfxe4 26. Nxe4 Rxe4 27. Be3 Rxb3 28. Rxb3 Nxb3 29. Rxc7 Nd4 30. Bh6 Re8 31. g4 Nb5 32. Rc6 a4 33. Ra6 Nxa3 34. Rxa4 Nb5 35. Kg2 Nc7 36. Ra5 Ra8 37. Rxa8+ Nxa8 38. Kf3 Nc7 39. Ke4 f6 40. Bf4 Ne8 41. h4 Kf7 42. Kd4 Ke7 43. h5 Ng7 44. h6 Ne8 45. Bd2 Nc7 46. Kc4 Kd7 47. Ba5 Na6 48. Bb6 Kc8 49. Kb5 Kb7 50. Bd8 f5 51. gxf5 gxf5 52. Be7 Nc7+ 53. Kc4 Ne8 54. Kd4 Kc7 55. Ke3 Kd7 56. Bg5 Nc7 57. Kf4 Nxd5+ 58. Kxf5 Ke8 59. Ke6 Nc3 60. Be3 d5 61. f4 Nb5 62. Bb6 d4 63. f5 d3 64. f6 Nd6 65. Kxd6 Kf7 66. Be3 Kxf6 67. Bd2 Kf7 68. Kd7 Kf8 69. Ke6 Ke8 70. Kf6 Kf8 71. Bb4+ Kg8 72. Ke7 d2 73. Bxd2 Kh8 74. Kf7 1/2-1/2

[Event "FB1 2223 SC 1957 Bad Königshofen  - SG "]
[Site "?"]
[Date "2023.04.30"]
[Round "10.5"]
[White "Muedder, Melanie"]
[Black "Melamed, Tatjana"]
[Result "0-1"]
[WhiteElo "1860"]
[BlackElo "2340"]
[PlyCount "78"]
[EventDate "2023.??.??"]

1. d4 Nf6 2. Nc3 d5 3. Bf4 c5 4. e3 cxd4 5. exd4 a6 6. Nf3 Nc6 7. Ne5 Qb6 8. Nxc6 Qxc6 9. a4 Bg4 10. f3 Bd7 11. a5 Bf5 12. Bd3 Bxd3 13. Qxd3 e6 14. O-O Be7 15. Na4 O-O 16. Kh1 Nh5 17. Be3 Bd6 18. f4 f5 19. Nc5 Rae8 20. Qb3 Re7 21. Bd2 Bxc5 22. dxc5 Nf6 23. Be3 Ne4 24. Qb6 Rc8 25. Qxc6 bxc6 26. Bd4 Rb8 27. Rfb1 Rb4 28. Be5 Reb7 29. b3 R7b5 30. c3 Rxb3 31. Rxb3 Rxb3 32. Rc1 Nxc5 33. Bd4 Ne4 34. g3 c5 35. Be5 c4 36. Kg1 Rb2 37. Bd4 Nd2 38. Bb6 Nf3+ 39. Kh1 Rxh2# 0-1

[Event "FB1 2223 SC 1957 Bad Königshofen  - SG"]
[Site "?"]
[Date "2023.04.30"]
[Round "10.6"]
[White "Babiy, Olga"]
[Black "Sereda, Yaroslava"]
[Result "1/2-1/2"]
[WhiteElo "2308"]
[BlackElo "1916"]
[PlyCount "135"]
[EventDate "2023.??.??"]

1. e4 c5 2. Nf3 Nc6 3. d4 cxd4 4. Nxd4 e5 5. Nb5 d6 6. c4 Be6 7. Be2 Nf6 8. N1c3 a6 9. Na3 g6 10. O-O Bg7 11. Nc2 O-O 12. b3 Rc8 13. Ba3 Nd4 14. Bb2 Nxc2 15. Qxc2 b5 16. cxb5 d5 17. Qb1 d4 18. Na4 axb5 19. Bxb5 Qa5 20. Bd3 Bd7 21. Qe1 Qa7 22. Qd1 Ra8 23. f4 Bxa4 24. bxa4 exf4 25. Rxf4 Qxa4 26. Qxa4 Rxa4 27. e5 Nd7 28. Rxd4 Rxd4 29. Bxd4 Nxe5 30. Bxe5 Bxe5 31. Rd1 Ra8 32. Bc4 Ra7 33. Rd5 Bc3 34. Kf2 Kg7 35. Ke2 Kf6 36. Kd3 Be5 37. h3 h5 38. Ke4 Bg3 39. Bb3 Re7+ 40. Kd3 Rc7 41. a4 Be5 42. Bc4 Bg3 43. a5 Bf2 44. a6 Bg1 45. Kc3 Ba7 46. Kb4 Bg1 47. Kb5 Bf2 48. Rd1 Ba7 49. Rf1+ Kg7 50. Rf4 Be3 51. Rf3 Ba7 52. Rf1 Be3 53. Rd1 Kf6 54. Rf1+ Kg7 55. Re1 Bf2 56. Rd1 Be3 57. Rd6 Bg1 58. Rc6 Rxc6 59. Kxc6 f5 60. Be2 Kh6 61. Kb7 Kg5 62. a7 Bxa7 63. Kxa7 Kh4 64. Kb6 g5 65. Kc5 g4 66. hxg4 fxg4 67. Bd3 Kg3 68. Be4 1/2-1/2

[Event "FB1 2223 SV Medizin Erfurt - SV Hemer 1"]
[Site "?"]
[Date "2023.04.30"]
[Round "10.1"]
[White "Voicu-Jagodzinsky, Carmen"]
[Black "Nguyen, Ha Thanh"]
[Result "1-0"]
[WhiteElo "2296"]
[BlackElo "1976"]
[PlyCount "85"]
[EventDate "2023.??.??"]

1. e4 c5 2. Nf3 d6 3. d4 cxd4 4. Nxd4 Nf6 5. Nc3 g6 6. Be3 Bg7 7. Be2 Nc6 8. O-O O-O 9. Qd2 Bd7 10. Nb3 Rc8 11. f3 a6 12. a4 Be6 13. Nd5 Bxd5 14. exd5 Ne5 15. Rfc1 Nfd7 16. c4 Nc5 17. Nd4 a5 18. b3 Re8 19. Re1 Ned7 20. Rab1 Nf6 21. Bd1 Ra8 22. Bc2 Nfd7 23. Re2 Ne5 24. Rbe1 Qd7 25. h3 f6 26. f4 Nf7 27. Bf2 Nd8 28. f5 g5 29. Ne6 Ndxe6 30. fxe6 Qc7 31. Re3 Rf8 32. Bf5 Qd8 33. Qc2 h6 34. h4 Qe8 35. Rh3 Kh8 36. Bd4 g4 37. Bxg4 f5 38. Bxg7+ Kxg7 39. Bxf5 Qh5 40. g4 Qe8 41. Rf1 Qd8 42. Rhf3 Qb6 43. Kg2 1-0